Regionálne rozdiely v internetovej propagácii subjektov cestovného ruchu bakalárska práca

Salvato in:
Dettagli Bibliografici
Autore principale: Obselková, Romana
Ente Autore: Obchodná fakulta EU. Katedra informatiky obchodných firiem
Altri autori: Pólya, Attila
Natura: Libro
Lingua:slovacco
Pubblicazione: Bratislava 2015
Tags: Aggiungi Tag
Nessun Tag, puoi essere il primo ad aggiungerne!!

MARC

LEADER 00000nbm a2200000 4500
001 0203232
005 20161212105455.3
041 0 |a slo 
044 |a SK 
245 1 0 |a Regionálne rozdiely v internetovej propagácii subjektov cestovného ruchu  |b bakalárska práca  |c Romana Obselková ; školiteľ: Attila Pólya 
264 1 |a Bratislava  |c 2015 
300 |a 50 s. 
100 1 |a Obselková, Romana 
700 1 |a Pólya, Attila 
710 2 |a Obchodná fakulta EU. Katedra informatiky obchodných firiem